| 000 | nam a22 7a 4500 | ||
|---|---|---|---|
| 999 |
_c129813 _d129813 |
||
| 008 | 190905b xxu||||| |||| 00| 0 eng d | ||
| 050 |
_aSPC. DT1.T50 _bM278 |
||
| 100 |
_aManirambona, Thierry _925607 |
||
| 245 |
_aSocial Media: a threat to ontological communication _bGabriel Marcel' availability as a response to the threat _cThierry Manirambona |
||
| 260 |
_aHarare _bArrupe Jesuit University _c2019 |
||
| 300 |
_avi, 98p. ; _c31cm. |
||
| 500 | _aThesis | ||
| 600 |
_aMarcel, Gabriel _97329 |
||
| 650 |
_aCommunication _911572 |
||
| 942 |
_2lcc _cSPC |
||